Simulace chemicko-farmaceutických diskontinuálních výrob

Podrobná bibliografia
Hlavní autori: Poživil, Jaroslav (Autor), Véle, Jaroslav (Autor)
Médium: Článok
Jazyk:čeština
slovenčina
Predmet:

MARC

LEADER 00000nab a2200000 a 4500
001 vtls000409557
003 SK-MaSNL
005 20260426032625.0
008 220422c1988 xo 0 cze
015 |a SNBRA19rr/mm-uuuuu 
035 |a CL0409681 
040 |a SNKBUCL  |b slo  |c SNKBUCL  |e AACR2 
041 0 |a slo 
044 |a xo  |c SK 
080 |a 66.01.001.573:519.876.5:681.3.06  |2 1981 
080 |a 519.876.5  |2 1981 
080 |a 681.3.06  |2 1981 
080 |a 519.711  |2 1981 
080 |a 615.012  |2 1981 
100 1 |a Poživil, Jaroslav  |4 aut  |9 10302 
245 1 0 |a Simulace chemicko-farmaceutických diskontinuálních výrob  |c Jaroslav Poživil, Jaroslav Véle 
650 0 7 |a chemický priemysel  |2 snkbucl  |9 69615 
650 0 7 |a farmaceuticky priemysel  |2 snkbucl  |9 73020 
655 7 |a články zo zborníkov  |2 snkbucl  |9 166140 
700 1 |a Véle, Jaroslav  |4 aut  |9 970361 
773 0 |t Simulácia technologických procesov. Celoštátna konferencia  |d Bratislava : Dom techniky ČSVTS, 1988 
850 |a Slovenská národná knižnica v Martine  |a MTA001 
852 |a SNK  |b KIS3GCP 
958 |a RK 
958 |a ME 
958 |a CZ 
992 |a RZB 
999 |c 1551710  |d 1553640